|
|
|
|
| LEADER |
00824nam a22002171a 4500 |
| 020 |
|
|
|a 9788181436771
|c 0.00
|
| 040 |
|
|
|a SSUS - Library - Kalady
|
| 082 |
|
|
|a H506 UDA/AAP
|b P08
|
| 100 |
|
|
|a Uday Prakash
|
| 245 |
|
|
|a Apni unki bath
|h [Text]
|
| 260 |
|
|
|a New Delhi
|b Vani
|c 2008
|
| 300 |
|
|
|a 185p.
|
| 600 |
|
|
|a Conversation Hindi
|
| 600 |
|
|
|a Literature Hindi
|
| 852 |
|
|
|h H506 UDA/AAP
|i P08
|p 058422
|9 295.00
|t 0
|
| 852 |
|
|
|h H506 UDA/AAP
|i P08
|p 058423
|9 295.00
|t 0
|
| 942 |
|
|
|c BK
|
| 942 |
|
|
|c BK
|
| 999 |
|
|
|c 2630
|d 2630
|
| 952 |
|
|
|0 0
|1 0
|4 0
|6 H_506_000000000000000_UDA_AAP_P08
|7 0
|9 4043
|a SSUS
|b SSUS
|d 2015-01-08
|g 295.00
|o H506 UDA/AAP P08
|p 058422
|r 2015-01-08
|v 0.00
|w 2015-01-08
|y BK
|
| 952 |
|
|
|0 0
|1 0
|4 0
|6 H_506_000000000000000_UDA_AAP_P08
|7 0
|9 4044
|a SSUS
|b SSUS
|d 2015-01-08
|g 295.00
|o H506 UDA/AAP P08
|p 058423
|r 2015-01-08
|v 0.00
|w 2015-01-08
|y BK
|